MDQL
is popping MORE tags! Check the
thread
!
Quizzes
Events
Quiz Creation
Community
Videos
Private Events
Remove Ads
Sign In
Join for FREE
Feedback
Dark Mode
Quiz Categories
Sports
Geography
Music
Movies
Television
Just For Fun
Miscellaneous
History
Literature
Language
Science
Gaming
Entertainment
Religion
Holiday
For Kids
Quiz Lab
Recent
Popular Today
Quiz Kudos Today
Editor Picks
Curator Picks
Quizzes by...
Day
Popularity
Type
Ratings
Length
Year
Community
Subscriptions
Recent Discussions
Orange Saloon
Badges
Playlists
Quests
Create
Leaderboards
Showdown
Live 5
Trivia Bingo
Activity
Puzzle Library
Sporcle Events
Private Events
Virtual Trivia
Globe League
Become a Host
Pub Owners
SporcleCon
Opinionation
Our Games
Videos
Blog
Mobile Apps
Partnerships
Remove Ads and Go Orange
Feedback
Music
Pop Music
The Beatles
Song
Album
Lyrics
Bands
Singers
Artist
Clip
Rock
Rap
Classical
Billboard
Country Music
Kpop
Taylor Swift
Music
Pop Music
The Beatles
Song
Album
Lyrics
Bands
Singers
Artist
Clip
Rock
Rap
Classical
Billboard
Country Music
Kpop
Taylor Swift
Random Quiz
Search Sporcle
×
Quiz Lab
Quiz Lab
Music
Artist
Type in answers that appear in a list
Type in answers that appear in a list
Classic
Best Score? Go Orange.
Diamond albums...which stalled at #2 Stats
Can you name the U.S. diamond albums which only got to #2 on the charts?
By
dxman
7m
12 Questions
67 Plays
67 Plays
67 Plays
Comments
Comments
Give Quiz Kudos
Give Quiz Kudos
-
- Ratings
hide this ad
Random Order
Randomize order of answers
Randomize order of answers
Replay
Link that replays current quiz
Next Quiz
Link to next quiz in quiz playlist
You Got
0%
They Got
Avg Score
55%
Avg Friend Score
Upgrade to see
Score Distribution
Jump to the score distribution portion of the page
Score
0/12
Timer
07:00
0
Plays Today
Artist + Certification
Album
% Correct
Green Day, 10x Platinum
Dookie
85.1%
Led Zeppelin, 23x Platinum
Led Zeppelin IV
83.6%
Pearl Jam, 13x Platinum
Ten
79.1%
Van Halen, 10x Platinum
1984 (MCMLXXXIV)
67.2%
Def Leppard, 10x Platinum
Pyromania
61.2%
Linkin Park, 10x Platinum
Hybrid Theory
58.2%
Shania Twain, 20x Platinum
Come On Over
56.7%
Billy Joel, 10x Platinum
The Stranger
44.8%
*NSYNC, 10x Platinum
*NSYNC
44.8%
1994 soundtrack, 12x Platinum
Forrest Gump
34.3%
Madonna, 10x Platinum
The Immaculate Collection
32.8%
Kenny G, 12x Platinum
Breathless
20.9%
Quiz Playlist
Details
Report
Send in Message
Add To Playlist
Classic:
Type in answers that appear in a list
Random Order:
Randomize order of answers
Last Updated: Feb 16, 2017
Quiz Scoreboard
CHALLENGE
Sign Up to Join the Scoreboard
Show All
Scores
Hide
Comments
May contain spoilers
Recently Published
Find the 'City' Movie
by crazypaving
Movies
60s
5x2 Blitz: Bands
by SL_Kpop136
Music
30s
Colored Red Africa Blitz
by spor1
Geography
30s
More to Explore
Quiz From the Vault
Featured Blog Post
14 Easter Pick-up Lines to Find Eggs With
hide this ad
You Might Also Like...
Tags
Album Quiz
Artist Quiz
beaten
Certification
chart
diamond
Today's Top Quizzes in Music
Browse Music
hide this ad
Today's Top Quizzes in Artist
Browse Artist
Top Contributed Quizzes in Music
1
5X2 Blitz: Bands II
2
Taylor Swift All Songs (2024)
3
5X2 Blitz: The Beatles
4
5X2 Blitz: Billboard
5
Taylor Swift Logic Puzzle
6
Taylor Swift Logic Puzzle II
7
5X2 Blitz: Album
8
5X2 Blitz: Billboard II
9
Music Artist by Three 2010s hits
10
5X2 Blitz: Rock
Explore More
Trending Topics
Crossword
Harry Potter
Anime
Kpop
Disney
Marvel
NBA
NFL
Puzzle
Pokémon
WWE
Song
Soccer
The Office
Country
hide this ad
More By:
dxman
Quiz
Plays
Rating
Category
Featured
Created
Guess the Song Lyrics - EASY version
3,084
4.04
Music
Jun 8, 2010
3+ Billboard #1 Albums
2,844
4.28
Music
Apr 2, 2010
One-Hit Wonders (but...)
2,796
4.00
Music
May 8, 2010
Bad Beatles Songs
1,335
3.08
Music
Apr 14, 2010
120 Second Blitz: Beatles Lyrics
1,314
3.47
Just For Fun
May 25, 2010
Go to Creator's Profile
Score Distribution
Quiz Creator Spotlight
dxman
Follow
Send a Message
Quizzes Created
-
Created Quiz Play Count
-
More By This Creator
Popular Quizzes Today
1
Find the 'City' Movie
2
5x2 Blitz: Bands
3
Colored Red Africa Blitz
4
Find the US States - No Outlines Minefield
5
The Countries of the World
6
Find the US States
7
9x9 Crossword: Cartoon Network
8
US States
More Music Quizzes
When Harry Met Classic Albums
Published
Trending Quizzes
Colored Red Africa Blitz II
Colored Red Europe Blitz I
Colored Red Africa Blitz III
Colored Red Europe Blitz II
Colored Red Europe Blitz III
Recently Updated
Champions League XIs: Real Madrid
pecheneg
Largest US Cities 1790-2010
pecheneg
Rides in Walt Disney World
pecheneg
Most Oscar Losses (Acting)
pecheneg
Beyoncé Albums
pecheneg
Leaping Animals
pecheneg
Reality TV Shows (A-Z)
bhenderson79
Rickey Henderson's Hall of Fame Teammates
pecheneg
Champions League XIs: Arsenal
pecheneg
Quick Pick: Celebrities in WWE's Hall of Fame
aduchscher
Trending Topics
Anime
Marvel
Harry Potter
NBA
Kpop
Crossword
Disney
Pokémon
Song
Soccer
WWE
NFL
Puzzle
Country
The Office
Your Account Isn't Verified!
In order to create a playlist on Sporcle, you need to verify the email address you used during registration. Go to your
Sporcle Settings
to finish the process.
Report this User
Report this user for behavior that violates our
Community Guidelines
.
Details:
Send Report
Go to the Sporcle.com Mobile Site →
Comments